| Tag |
First Indicator |
Second Indicator |
Subfields |
| LEADER |
00000cam a2200000Ma 4500 |
| 001 |
in00003507421 |
| 006 |
m o d |
| 007 |
cr cn||||||||| |
| 008 |
001201s2000 nyua ob 101 0 eng d |
| 005 |
20260421171147.0 |
| 019 |
|
|
|a 559188249
|a 647317525
|a 722220915
|
| 020 |
|
|
|a 0792366042
|
| 020 |
|
|
|a 9780792366041
|
| 035 |
|
|
|a (OCoLC)70733673
|z (OCoLC)559188249
|z (OCoLC)647317525
|z (OCoLC)722220915
|
| 040 |
|
|
|a REDDC
|b eng
|c REDDC
|d OCLCQ
|d MERUC
|d CCO
|d E7B
|d OCLCQ
|d OCLCF
|d DKDLA
|d OCLCO
|d UtOrBLW
|
| 049 |
|
|
|a TXAM
|
| 050 |
|
4 |
|a TA405
|b .I98 1998eb
|
| 082 |
0 |
4 |
|a 620.11
|2 21
|
| 111 |
2 |
|
|a IUTAM Symposium on Advanced Optical Methods and Applications in Solid Mechanics
|d (1998 :
|c Poitiers, France)
|
| 245 |
1 |
0 |
|a IUTAM Symposium on Advanced Optical Methods and Applications in Solid Mechanics :
|b proceedings of the IUTAM Symposium held in Futuroscope, Poitiers, France, August 31st - September 4th 1998 /
|c edited by Alexis Lagarde.
|
| 264 |
|
1 |
|a New York :
|b Kluwer Academic,
|c [2000]
|
| 264 |
|
4 |
|c ©2000
|
| 300 |
|
|
|a 1 online resource (xv, 664 pages) :
|b illustrations (some color)
|
| 336 |
|
|
|a text
|b txt
|2 rdacontent
|
| 337 |
|
|
|a computer
|b c
|2 rdamedia
|
| 338 |
|
|
|a online resource
|b cr
|2 rdacarrier
|
| 490 |
1 |
|
|a Solid mechanics and its applications,
|v v. 82
|
| 504 |
|
|
|a Includes bibliographical references and index.
|
| 588 |
|
|
|a Description based on print version record.
|
| 500 |
|
|
|a Electronic resource.
|
| 650 |
|
0 |
|a Strength of materials
|v Congresses.
|
| 650 |
|
0 |
|a Optical measurements
|v Congresses.
|
| 650 |
|
0 |
|a Photoelasticity
|v Congresses.
|
| 650 |
|
0 |
|a Image analysis
|v Congresses.
|
| 650 |
|
7 |
|a Image analysis.
|2 fast
|0 (OCoLC)fst00967482
|
| 650 |
|
7 |
|a Optical measurements.
|2 fast
|0 (OCoLC)fst01046776
|
| 650 |
|
7 |
|a Photoelasticity.
|2 fast
|0 (OCoLC)fst01061547
|
| 650 |
|
7 |
|a Strength of materials.
|2 fast
|0 (OCoLC)fst01134837
|
| 650 |
|
7 |
|a Electronic books.
|2 local
|
| 655 |
|
7 |
|a Electronic books.
|2 local
|
| 655 |
|
7 |
|a Conference proceedings.
|2 fast
|0 (OCoLC)fst01423772
|
| 700 |
1 |
|
|a Lagarde, Alexis.
|
| 710 |
2 |
|
|a SpringerLink (Online service)
|
| 776 |
1 |
8 |
|i Print version:
|a IUTAM Symposium on Advanced Optical Methods and Applications in Solid Mechanics (1998 : Poitiers, France).
|t IUTAM Symposium on Advanced Optical Methods and Applications in Solid Mechanics.
|d New York : Kluwer Academic, c2000
|w (DLC) 00062200
|
| 830 |
|
0 |
|a Solid mechanics and its applications ;
|v v. 82.
|
| 856 |
4 |
0 |
|u http://proxy.library.tamu.edu/login?url=https://link.springer.com/10.1007/0-306-46948-0
|z Connect to the full text of this electronic book
|t 0
|
| 994 |
|
|
|a 92
|b TXA
|
| 999 |
|
|
|a MARS
|
| 999 |
f |
f |
|s 176a9a2c-9b0b-3013-ba58-4087f0c21b78
|i 0997f374-9aad-3fda-865b-e65b9492f7c7
|t 0
|
| 952 |
f |
f |
|a Texas A&M University
|b College Station
|c Electronic Resources
|s www_evans
|d Available Online
|t 0
|e TA405 .I98 1998eb
|h Library of Congress classification
|
| 998 |
f |
f |
|a TA405 .I98 1998eb
|t 0
|l Available Online
|